000 00482nam a2200169 i 4500
001 38048
003 ES-MaACL
005 20240421063012.0
007 t|
008 030224s1963 sp ||||1| spa d
100 0 _aCabaƱero, Eladio,
_d1930-2000
_933159
245 1 0 _aMarisa sabia y otros poemas /
_cEladio CabaƱero.
260 _aMadrid :
_b[s.n.,
_c1963] (
_fHalar)
300 _a79 p. ;
_c22 cm.
852 _aES-MaACL
_jC-24673
_bR.52842
999 _c38048
_d38048